000
00355nam a2200157Ia 4500
008
230524s9999 xx 000 0 und d
082
_a
531
_b
KAZ
100
_a
S M A Kazimi
245
0
_a
Solid Mechanics
250
_a
1ST
260
_a
NEW DELHI
_b
TMH
_c
2002
300
_a
XV;439
500
_a
Quantity Number: 2
650
_a
Mechanics
942
_c
BK
999
_c
31175
_d
31175